Cuisine Actuelle [ 425 ]
| Titre : | Cuisine Actuelle [ 425 ] |
|---|---|
| Support : | Livres |
| Langue : | Francais |
| Publié : |
2023 Prisma Paris |
| Genre : |
Revues et magazines |
| Collection : |
Cuisine Actuelle |
| Sujets : | |
| Étiquettes : |
Pas de tags
|
| LEADER | 00739nas0a2200241 450 | ||
|---|---|---|---|
| 001 | 16868263 | ||
| 011 | |b Br. |d 3,2 | ||
| 100 | |a 20260506d2023 u u0frey01 ba | ||
| 101 | 1 | |a fre |c fre | |
| 102 | |a FR | ||
| 110 | 0 | |a afu 0uu0 | |
| 200 | 0 | |a Cuisine Actuelle [ 425 ] |f Gillet Anne | |
| 207 | 1 | |a 425 | |
| 210 | |a Paris |c Prisma |d 2023 | ||
| 215 | |a 1 vol. (86 p.) |c ill. coul. |d 28x21 cm | ||
| 225 | 1 | |a Cuisine Actuelle | |
| 464 | |a On se régale avec la tomate | ||
| 464 | |a Desserts meringués chics et faciles | ||
| 464 | |a 10 recettes express avec de la feta | ||
| 676 | |a 070.17 | ||
| 900 | |a Revues et magazines | ||
| 901 | |a Adultes | ||
| 995 | |a Médiathèque |c Médiathèque |f 089021852 |h 089021852 |k 070.17 CUI 425 |o p |q a |r az |e Médiathèque | ||